Communicable diaereses (Record no. 133827)
[ view plain ]
| 000 -LEADER | |
|---|---|
| fixed length control field | 00710nam a2200229 a 4500 |
| 003 - CONTROL NUMBER IDENTIFIER | |
| control field | OSt |
| 005 - DATE AND TIME OF LATEST TRANSACTION | |
| control field | 20240611104416.0 |
| 008 - FIXED-LENGTH DATA ELEMENTS--GENERAL INFORMATION | |
| fixed length control field | |
| 020 ## - INTERNATIONAL STANDARD BOOK NUMBER | |
| International Standard Book Number | 0340242914 (Paperback) |
| 040 ## - CATALOGING SOURCE | |
| Transcribing agency | NUST |
| 050 ## - LIBRARY OF CONGRESS CALL NUMBER | |
| Classification number | RA651 PAR |
| 100 1# - MAIN ENTRY--PERSONAL NAME | |
| Relator term | Author |
| Fuller form of name | Parry, Wilfrid H. |
| 245 ## - TITLE STATEMENT | |
| Title | Communicable diaereses |
| Statement of responsibility, etc. | Wifrid.H.Parry |
| 250 ## - EDITION STATEMENT | |
| Edition statement | Third Edition. |
| 260 ## - PUBLICATION, DISTRIBUTION, ETC. | |
| Place of publication, distribution, etc. | London : |
| Name of publisher, distributor, etc. | Hodder and Stoughton, |
| Date of publication, distribution, etc. | 1979. |
| 336 ## - CONTENT TYPE | |
| Source | :rdacontent |
| Content type term | :text |
| Content type code | :tex |
| 337 ## - MEDIA TYPE | |
| Source | rdamedia |
| Media type term | :unmediated |
| Media type code | :n |
| 338 ## - CARRIER TYPE | |
| Source | rdacarrier |
| Carrier type term | :volume |
| Carrier type code | :n |
| 504 ## - BIBLIOGRAPHY, ETC. NOTE | |
| Bibliography, etc. note | Includes bibliographical references. |
| 907 ## - LOCAL DATA ELEMENT G, LDG (RLIN) | |
| a | .b10272458 |
| b | 04-02-10 |
| c | 04-02-10 |
| 942 ## - ADDED ENTRY ELEMENTS (KOHA) | |
| Koha item type | Ordinary Loan Books |
| Edition | Third edition |
| Classification part | RA651 |
| Call number prefix | RA |
| Call number suffix | PA |
| Suppress in OPAC | No |
| Date last seen | Total Checkouts | Full call number | Barcode | Cost, replacement price | Price effective from | Koha item type | Public note | Lost status | Source of classification or shelving scheme | Damaged status | Not for loan | Collection | Withdrawn status | Home library | Current library | Shelving location | Date acquired | Source of acquisition | Cost, normal purchase price |
|---|---|---|---|---|---|---|---|---|---|---|---|---|---|---|---|---|---|---|---|
| 01/23/2023 | RA651 PAR | 92003034180 | 80.00 | 01/23/2023 | BOOKS | Donation | LCC | NFIC | MAIN | MAIN | GEN | 01/23/2023 | Bookaid International | 80.00 |